000 00960nam a22003137a 4500
003 CHAP
005 20220817040940.0
008 971013s1985 r 00010 d
010 _a3271
011 _a4243
035 _a3445
040 _cCHAP
082 _a370.1
_bM3
100 0 0 _aMartínez Assad, Carlos.
_971825
245 _aEn el país de autonomía
_b: la escuela moderna
260 _aMéxico, D. F. :
_bEl Caballito,
_c1985
300 _a160 p
500 _aD49-85
590 _aBATCH-UPD
_b10
_c20130110
_lUCH01
_h1000
590 _aBATCH-UPD
_b10
_c20130410
_lUCH01
_h0611
590 _aBATCH-UPD
_b10
_c20130914
_lUCH01
_h1235
590 _aCONVERSION
_b10
_c20130109
_lUCH01
_h1303
650 1 4 _aEducación elemental.
650 1 4 _aEducación
_xFilosofía.
_935446
710 0 _aMéxico. Dirección General de Planeación Educativa.
901 _aBK
942 _cLIBRO
949 _a370.1 M3
_bBC
_cLIBRO
_d33724000376521
_eLIBRO
_h79715
_i3445
_mD
_si
999 _c3271
_d3271